000 00260nam a22001217a 4500
008 180903b xxu||||| |||| 00| 0 eng d
041 _aeng
080 _a61
100 _a3
101 _aSHM
245 _aHome Medical Dictionary
_cJames.t
942 _2udc
_cBK
999 _c47463
_d47463